Survey (Record no. 82899)
[ view plain ]
| 000 -LEADER | |
|---|---|
| fixed length control field | 01135cab a22002175a 4500 |
| 001 - CONTROL NUMBER | |
| control field | L152170 |
| 008 - FIXED-LENGTH DATA ELEMENTS--GENERAL INFORMATION | |
| fixed length control field | 110207e20110117xxk 000 0 eng d |
| 035 ## - SYSTEM CONTROL NUMBER | |
| System control number | (Sirsi) u152170 |
| 041 0# - LANGUAGE CODE | |
| Language code of text/sound track or separate title | eng |
| 110 2# - MAIN ENTRY--CORPORATE NAME | |
| Corporate name or jurisdiction name as entry element | EuroProperty |
| 9 (RLIN) | 1216 |
| 245 00 - TITLE STATEMENT | |
| Title | Survey |
| Remainder of title | Benelux countries |
| 260 ## - PUBLICATION, DISTRIBUTION, ETC. | |
| Date of publication, distribution, etc. | 2011 |
| 490 ## - SERIES STATEMENT | |
| Series statement | EuroProperty |
| Volume/sequential designation | 17 January 2011, 17-21(5) |
| 520 ## - SUMMARY, ETC. | |
| Summary, etc. | DTZ warned about the vacancy rate in the Dutch office market where there is a clear danger of oversupply. Flexible working is seen as one of the factors increasing vacancy rates. Germans remain the most active foreign investors in the Dutch market. Overall investment in Belgian real estate in 2010 totalled around Euros 1.6bn similar to 2009. The Brussels office market is hampered by high vacancies, rating downgrades and administrative issues. Luxembourg office rents are bottoming out but with little product in the pipeline vacancy rates are predicted to fall to 7% in 2011. |
| 590 ## - LOCAL NOTE (RLIN) | |
| Local note | KA |
| 651 #4 - SUBJECT ADDED ENTRY--GEOGRAPHIC NAME | |
| Geographic name | Belgium |
| 651 #4 - SUBJECT ADDED ENTRY--GEOGRAPHIC NAME | |
| Geographic name | Netherlands |
| 651 #4 - SUBJECT ADDED ENTRY--GEOGRAPHIC NAME | |
| Geographic name | Luxembourg |
| 690 ## - LOCAL SUBJECT ADDED ENTRY--TOPICAL TERM (OCLC, RLIN) | |
| Topical term or geographic name as entry element | PROPERTY-COMMERCIAL PROPERTY-COMMERCIAL PROPERTY FINANCE AND INVESTMENT |
| 942 ## - ADDED ENTRY ELEMENTS (KOHA) | |
| Suppress in OPAC | 0 |
| Withdrawn status | Lost status | Source of classification or shelving scheme | Damaged status | Not for loan | Home library | Current library | Shelving location | Date acquired | Total Checkouts | Full call number | Barcode | Date last seen | Copy number | Price effective from | Koha item type |
|---|---|---|---|---|---|---|---|---|---|---|---|---|---|---|---|
| Dewey Decimal Classification | London | London | Journal article | 07/02/2011 | L152170 | 152170-1001 | 06/08/2019 | 1 | 06/08/2019 | Journal article |